[Event "SVM_Regionalliga_2023-24"]
[Site "?"]
[Date "2023.09.24"]
[Round "2.4"]
[White "Schüler, Hans-Ulrich"]
[Black "Keßler, Ulrich"]
[Result "1/2-1/2"]
[WhiteElo "1927"]
[BlackElo "1944"]
[PlyCount "97"]
[EventDate "2023.09.24"]
[WhiteTeam "Satranç Club 1"]
[BlackTeam "SK Troisdorf 1"]

1. e4 c5 2. a3 Nc6 3. b4 cxb4 4. axb4 Nxb4 5. c3 Nc6 6. d4 e6 7. Nf3 d5 8. e5
Bd7 9. Bd3 h6 10. O-O Nge7 11. Na3 a6 12. Bd2 Na5 13. Rb1 b5 14. Qe2 Nc4 15.
Nc2 Nc8 16. Ne3 N8b6 17. Rfc1 Be7 18. Be1 O-O 19. Nd2 Nxd2 20. Bxd2 f5 21. exf6
Bxf6 22. f4 Nc4 23. Ng4 Qe8 24. Rf1 Ra7 25. Be1 Qe7 26. Ra1 Be8 27. Bf2 Bf7 28.
Bc2 Rfa8 29. Rfe1 Kf8 30. Ne5 Bxe5 31. dxe5 Rb7 32. Bd4 Rc7 33. Reb1 Qe8 34. g4
a5 35. f5 a4 36. Rf1 Ke7 37. Qf2 Kd8 38. f6 g5 39. Rfb1 Kc8 40. Rb4 Rb8 41. Bd3
Bg6 42. Qe2 Bf7 43. Kf2 Rbb7 44. Kg3 Qf8 45. h3 Be8 46. Qf2 Qg8 47. Qe2 Na5 48.
Qf2 Nc4 49. Qe2 1/2-1/2

[Event "SVM_Regionalliga_2023-24"]
[Site "?"]
[Date "2023.09.24"]
[Round "2.5"]
[White "Both, David"]
[Black "Proba, Stefan"]
[Result "1/2-1/2"]
[WhiteElo "1933"]
[BlackElo "1895"]
[PlyCount "91"]
[EventDate "2023.09.24"]
[WhiteTeam "SK Troisdorf 1"]
[BlackTeam "Satranç Club 1"]

1. c4 Nf6 2. g3 c6 3. Nf3 g6 4. b3 Bg7 5. Bb2 d6 6. Bg2 Nbd7 7. Nc3 Qc7 8. Qc2
a6 9. e3 Nc5 10. d3 e5 11. b4 Ncd7 12. O-O O-O 13. Rfd1 Re8 14. Rab1 Nf8 15. a4
Bf5 16. Nh4 Bg4 17. Rd2 Rab8 18. h3 Bd7 19. Nf3 h6 20. Ba3 b6 21. b5 axb5 22.
axb5 c5 23. Ra1 Bc8 24. Bb2 Bb7 25. Rdd1 Ra8 26. Rxa8 Rxa8 27. Ra1 Qb8 28. Rxa8
Qxa8 29. Qa4 Qe8 30. Qa1 Ne6 31. Nd2 Bxg2 32. Kxg2 Nc7 33. Kh2 Qa8 34. Qxa8+
Nxa8 35. Nde4 Nxe4 36. Nxe4 Bf8 37. Nf6+ Kg7 38. Nd5 f6 39. Kg2 Kf7 40. g4 Ke6
41. Kg3 Be7 42. Bc1 Bf8 43. f4 Bg7 44. e4 Kf7 45. f5 g5 46. Bd2 1/2-1/2

[Event "SVM_Regionalliga_2023-24"]
[Site "?"]
[Date "2023.09.24"]
[Round "2.6"]
[White "Langen, Dirk"]
[Black "Bruchmann, Siegfried"]
[Result "1-0"]
[WhiteElo "1759"]
[BlackElo "1811"]
[PlyCount "73"]
[EventDate "2023.09.24"]
[WhiteTeam "Satranç Club 1"]
[BlackTeam "SK Troisdorf 1"]

1. c4 c6 2. Nc3 e6 3. d4 d5 4. e4 dxe4 5. Nxe4 Bb4+ 6. Nc3 Nf6 7. Be3 Nbd7 8.
Qc2 O-O 9. Bd3 Re8 10. Nge2 e5 11. O-O-O Qa5 12. a3 Bf8 13. h3 b5 14. cxb5 cxb5
15. Bd2 b4 16. Na2 e4 17. Bc4 Ba6 18. Bxa6 Qxa6 19. Bxb4 Rec8 20. Nec3 Nd5 21.
Bxf8 Kxf8 22. Qxe4 Qc4 23. Kb1 Nxc3+ 24. Nxc3 Rab8 25. Rc1 Qb3 26. Nd1 Nf6 27.
Qe3 Rxc1+ 28. Kxc1 Rc8+ 29. Kb1 Qc2+ 30. Ka1 Ne4 31. Re1 Qc1+ 32. Ka2 Qc4+ 33.
b3 Qc2+ 34. Ka1 f5 35. f3 Qc1+ 36. Qxc1 Rxc1+ 37. Kb2 1-0

[Event "SVM_Regionalliga_2023-24"]
[Site "?"]
[Date "2023.09.24"]
[Round "2.8"]
[White "Hennig, Edgar Paul"]
[Black "Sejdini, Valentin"]
[Result "1/2-1/2"]
[WhiteElo "1797"]
[BlackElo "1748"]
[PlyCount "65"]
[EventDate "2023.09.24"]
[WhiteTeam "Satranç Club 1"]
[BlackTeam "SK Troisdorf 1"]

1. d4 g6 2. e4 d6 3. Be3 Bg7 4. c3 Nf6 5. Bd3 Nbd7 6. h3 c5 7. Nf3 Qb6 8. Qb3
O-O 9. O-O Qc7 10. a4 b6 11. Nbd2 Bb7 12. d5 Kh8 13. Rfe1 Ng8 14. Qc2 e6 15. c4
Rae8 16. Rad1 exd5 17. exd5 Bc8 18. Bf4 Ne5 19. Nxe5 dxe5 20. Bh2 Qd8 21. Nf3
f6 22. Re2 Nh6 23. Rde1 Nf5 24. Kf1 Nd6 25. b3 e4 26. Bxe4 Nxe4 27. Rxe4 Bf5
28. Rxe8 Qxe8 29. Rxe8 Bxc2 30. Rxf8+ Bxf8 31. Nd2 Bh6 32. f4 Bf8 33. Ke2
1/2-1/2

[Event "SVM_Regionalliga_2023-24"]
[Site "?"]
[Date "2023.09.24"]
[Round "2.1"]
[White "Meirick, Ingo"]
[Black "Borriss, Martin"]
[Result "1/2-1/2"]
[WhiteElo "2181"]
[BlackElo "2391"]
[PlyCount "31"]
[EventDate "2023.09.24"]
[WhiteTeam "SV Herzogenrath 1"]
[BlackTeam "SG Siebengebirge 1"]

1. d4 Nf6 2. c4 g6 3. g3 Bg7 4. Bg2 O-O 5. Nc3 d6 6. Nf3 Nc6 7. O-O a6 8. b3
Rb8 9. d5 Nxd5 10. cxd5 Bxc3 11. Bh6 Ne5 12. Bxf8 Bxa1 13. Bxe7 Qxe7 14. Qxa1
c5 15. dxc6 Nxc6 16. Qb2 1/2-1/2

[Event "SVM_Regionalliga_2023-24"]
[Site "?"]
[Date "2023.09.24"]
[Round "2.2"]
[White "Richter, Dirk"]
[Black "Schreyer, Oliver"]
[Result "0-1"]
[WhiteElo "2052"]
[BlackElo "2039"]
[PlyCount "84"]
[EventDate "2023.09.24"]
[WhiteTeam "SG Siebengebirge 1"]
[BlackTeam "SV Herzogenrath 1"]

1. c4 e5 2. g3 Nc6 3. Bg2 Bc5 4. Nc3 d6 5. e3 a6 6. Nge2 Ba7 7. d4 h5 8. Bxc6+
bxc6 9. dxe5 dxe5 10. Qxd8+ Kxd8 11. h4 Nf6 12. b3 Bg4 13. Bb2 Ke7 14. Na4 Bf3
15. Rf1 Ke6 16. Rd1 Rhd8 17. Rxd8 Rxd8 18. Nac3 Ng4 19. Nb1 Nh2 20. Rg1 Be4 21.
Nd2 Nf3+ 22. Nxf3 Bxf3 23. Bc3 Bc5 24. Ba5 Ba3 25. Bd2 Bb2 26. Bb4 Kf5 27. g4+
hxg4 28. Ng3+ Ke6 29. Bd2 g6 30. Nf1 Bc3 31. Rg3 f5 32. Rxf3 Bxd2+ 33. Nxd2
gxf3 34. Nxf3 c5 35. Ng5+ Ke7 36. e4 Rh8 37. Nf3 Kd6 38. exf5 gxf5 39. Ng5 Rxh4
40. Nf7+ Ke7 41. Ng5 e4 42. Ke2 Kf6 0-1

[Event "SVM_Regionalliga_2023-24"]
[Site "?"]
[Date "2023.09.24"]
[Round "2.3"]
[White "Zappel, Marius"]
[Black "Borriss, Benjamin"]
[Result "1/2-1/2"]
[WhiteElo "2055"]
[BlackElo "1877"]
[PlyCount "95"]
[EventDate "2023.09.24"]
[WhiteTeam "SV Herzogenrath 1"]
[BlackTeam "SG Siebengebirge 1"]

1. e4 e5 2. Nf3 Nc6 3. Bb5 a6 4. Ba4 Nf6 5. O-O b5 6. Bb3 Bc5 7. c3 d6 8. h3
O-O 9. d4 Bb6 10. a4 Rb8 11. axb5 axb5 12. Re1 Bb7 13. Bg5 h6 14. Bh4 b4 15. d5
Na5 16. Bxf6 Qxf6 17. Ba4 b3 18. Nbd2 Bc8 19. Qe2 g5 20. Nh2 Qf4 21. Rad1 f5
22. Nhf1 fxe4 23. Nxe4 Rf7 24. Be8 Rf8 25. Bg6 Bf5 26. Bxf5 Rxf5 27. Nfg3 Rf7
28. Nh5 Qf5 29. g4 Qf3 30. Qxf3 Rxf3 31. Kg2 Rbf8 32. Re2 Nc4 33. Ra1 Kh7 34.
Nhg3 Rd3 35. Nf5 Rxd5 36. h4 gxh4 37. Rh1 Ra5 38. Rxh4 Rxf5 39. gxf5 d5 40.
Nf6+ Kg7 41. Nh5+ Kf8 42. Rh1 d4 43. cxd4 exd4 44. Nf4 Rxf5 45. Ne6+ Kf7 46.
Rh3 c5 47. Rxb3 Rf6 48. Rxb6 1/2-1/2

[Event "SVM_Regionalliga_2023-24"]
[Site "?"]
[Date "2023.09.24"]
[Round "2.4"]
[White "Wambach, Patrick"]
[Black "Horbach, Fabian"]
[Result "1/2-1/2"]
[WhiteElo "1961"]
[BlackElo "1956"]
[PlyCount "48"]
[EventDate "2023.09.24"]
[WhiteTeam "SG Siebengebirge 1"]
[BlackTeam "SV Herzogenrath 1"]

1. Nf3 Nf6 2. c4 e6 3. g3 b6 4. Bg2 Bb7 5. O-O Be7 6. Nc3 c5 7. d4 cxd4 8. Nxd4
Bxg2 9. Kxg2 a6 10. b3 Qc7 11. Bb2 O-O 12. Rc1 Qb7+ 13. Kg1 Rd8 14. Qc2 Nc6 15.
Rfd1 Nxd4 16. Rxd4 b5 17. Ne4 Nxe4 18. Rxe4 f5 19. Rd4 Rac8 20. Rd2 bxc4 21.
bxc4 d5 22. Qb3 Qxb3 23. axb3 dxc4 24. Rxd8+ Bxd8 1/2-1/2

[Event "SVM_Regionalliga_2023-24"]
[Site "?"]
[Date "2023.09.24"]
[Round "2.5"]
[White "Samraoui, Mekki"]
[Black "Schild, Willi"]
[Result "1-0"]
[WhiteElo "1885"]
[BlackElo "1857"]
[PlyCount "84"]
[EventDate "2023.09.24"]
[WhiteTeam "SV Herzogenrath 1"]
[BlackTeam "SG Siebengebirge 1"]

1. d4 d5 2. Nf3 Nf6 3. c4 c6 4. Nc3 Be6 5. Bf4 dxc4 6. e4 b5 7. a3 a6 8. Ne5 g6
9. g4 h6 10. Bg2 Ra7 11. Be3 Rb7 12. f4 Bg7 13. f5 gxf5 14. gxf5 Bd7 15. Bf3
Kf8 16. Rg1 Be8 17. Qd2 Nfd7 18. Ng4 h5 19. Nh6 Nf6 20. e5 Nd5 21. Qg2 Rh7 22.
Nxd5 cxd5 23. Bxd5 Rd7 24. Bxf7 Bxf7 25. Nxf7 Qa5+ 26. Bd2 Qb6 27. Ng5 Ke8 28.
Ne6 Rxd4 29. Qg6+ Kd7 30. Nxd4 Qxd4 31. O-O-O Kc8 32. Qxh7 Bxe5 33. Rg8+ Kb7
34. Qxe7+ Ka8 35. Bc3 Qf4+ 36. Kb1 Qxf5+ 37. Ka2 Qc2 38. Rxb8+ Bxb8 39. Rd8 b4
40. Qxb4 Qxh2 41. Qxc4 Kb7 42. Qb3+ Kc7 1-0

[Event "SVM_Regionalliga_2023-24"]
[Site "?"]
[Date "2023.09.24"]
[Round "2.6"]
[White "Borriss, Claudia"]
[Black "Haverkamp, Klaus"]
[Result "1-0"]
[WhiteElo "1950"]
[BlackElo "1872"]
[PlyCount "43"]
[EventDate "2023.09.24"]
[WhiteTeam "SG Siebengebirge 1"]
[BlackTeam "SV Herzogenrath 1"]

1. d4 d5 2. Nc3 Nf6 3. Bg5 Bf5 4. f3 c6 5. Bxf6 exf6 6. e4 dxe4 7. fxe4 Bg6 8.
Nf3 Bb4 9. Bd3 O-O 10. O-O Qd6 11. Ne2 Nd7 12. c3 Ba5 13. Ng3 Rfe8 14. Nh4 Bc7
15. Qb3 Bxe4 16. Bxe4 Nc5 17. Bxh7+ Kxh7 18. Qxf7 Na6 19. Rf5 Qf4 20. Rh5+ Qh6
21. Rxh6+ Kxh6 22. Qg6# 1-0

[Event "SVM_Regionalliga_2023-24"]
[Site "?"]
[Date "2023.09.24"]
[Round "2.7"]
[White "Schreyer, Erik"]
[Black "Anderton, Philip"]
[Result "1-0"]
[WhiteElo "1976"]
[BlackElo "1828"]
[PlyCount "123"]
[EventDate "2023.09.24"]
[WhiteTeam "SV Herzogenrath 1"]
[BlackTeam "SG Siebengebirge 1"]

1. e4 c5 2. c3 d5 3. exd5 Qxd5 4. d4 Nf6 5. Nf3 Bg4 6. Be2 e6 7. O-O Be7 8. Be3
Nbd7 9. c4 Qc6 10. Nc3 cxd4 11. Nxd4 Bxe2 12. Qxe2 Qc8 13. Rfd1 a6 14. Rac1 O-O
15. c5 Qc7 16. b4 Rfc8 17. f4 Bf8 18. Qf3 Re8 19. g4 g6 20. Qg3 Bg7 21. Rc2
Rad8 22. Qg2 Nf8 23. Rcd2 Nd5 24. Nxd5 Rxd5 25. f5 Rdd8 26. fxe6 fxe6 27. Qe4
e5 28. Nf3 Rxd2 29. Rxd2 Ne6 30. Ng5 Nxg5 31. Bxg5 Rf8 32. Qd5+ Kh8 33. Qd7 Qb8
34. Be7 Re8 35. Rf2 Qc8 36. Rd2 Qb8 37. Qxe8+ Qxe8 38. Rd8 Qxd8 39. Bxd8 Kg8
40. Kf2 Kf7 41. Kf3 Ke6 42. Ke4 h6 43. Bc7 Bf6 44. a4 h5 45. h3 hxg4 46. hxg4
Bg7 47. b5 axb5 48. axb5 Bf8 49. c6 bxc6 50. bxc6 Bg7 51. g5 Bf8 52. Bxe5 Be7
53. Bf6 Bd6 54. Bd8 Bg3 55. Bf6 Bd6 56. Kd4 Bf4 57. Kc5 Bc7 58. Bc3 Bd8 59. Bd2
Bc7 60. Be3 Bd8 61. Kb5 Kd5 62. Bf4 1-0

[Event "SVM_Regionalliga_2023-24"]
[Site "?"]
[Date "2023.09.24"]
[Round "2.8"]
[White "Geuer, Martin"]
[Black "Schmitt, Lars"]
[Result "1/2-1/2"]
[WhiteElo "1784"]
[BlackElo "1816"]
[PlyCount "29"]
[EventDate "2023.09.24"]
[WhiteTeam "SG Siebengebirge 1"]
[BlackTeam "SV Herzogenrath 1"]

1. d4 e6 2. Bf4 f5 3. Nf3 Nf6 4. c4 Bb4+ 5. Nbd2 O-O 6. g3 Ne4 7. h4 h6 8. a3
Bxd2+ 9. Bxd2 Nxd2 10. Qxd2 d6 11. O-O-O Qe8 12. Bg2 Nd7 13. Rhe1 Nf6 14. Ng1
Rb8 15. Qa5 1/2-1/2

[Event "SVM_Regionalliga_2023-24"]
[Site "?"]
[Date "2023.09.24"]
[Round "2.1"]
[White "Hess, Christian"]
[Black "Klemenz, Luca"]
[Result "1/2-1/2"]
[WhiteElo "1995"]
[BlackElo "2061"]
[PlyCount "40"]
[EventDate "2023.09.24"]
[WhiteTeam "Langenfelder SF 2"]
[BlackTeam "Klub Kölner SF 3"]

1. e4 e5 2. Nc3 Nf6 3. f4 d5 4. fxe5 Nxe4 5. Nf3 Bc5 6. d4 Bb4 7. Bd2 c5 8. Bd3
Nxd2 9. Qxd2 cxd4 10. Nxd4 Nc6 11. Qf4 Qa5 12. O-O O-O 13. Nxc6 bxc6 14. Qh4 g6
15. Qf6 Be6 16. Ne2 Qd8 17. Qf4 Be7 18. Kh1 c5 19. c3 Rb8 20. b3 Bg5 1/2-1/2

[Event "SVM_Regionalliga_2023-24"]
[Site "?"]
[Date "2023.09.24"]
[Round "2.2"]
[White "Meyer, Emil"]
[Black "Schulte-Lentz, Christian"]
[Result "1-0"]
[WhiteElo "2022"]
[BlackElo "2043"]
[PlyCount "84"]
[EventDate "2023.09.24"]
[WhiteTeam "Klub Kölner SF 3"]
[BlackTeam "Langenfelder SF 2"]

1. e4 c5 2. Nf3 d6 3. d4 cxd4 4. Nxd4 Nf6 5. Nc3 a6 6. Bg5 e6 7. f4 Be7 8. Qf3
Qc7 9. O-O-O Nbd7 10. g4 b5 11. Bxf6 Nxf6 12. g5 Nd7 13. f5 Nc5 14. f6 gxf6 15.
gxf6 Bf8 16. Rg1 h5 17. Rg7 Bb7 18. Bh3 b4 19. Nd5 Qa5 20. Nxe6 Bxd5 21. Nxc5
Bc6 22. Nb3 Qe5 23. Nd4 Bxe4 24. Qb3 Bxg7 25. fxg7 Qxg7 26. Qxb4 Qh6+ 27. Kb1
O-O 28. Bf5 Rfe8 29. Rg1+ Kh8 30. Qc3 Qf6 31. Qh3 Bxf5 32. Nxf5 Qg6 33. Qc3+
Kh7 34. Rxg6 Kxg6 35. Nh4+ Kg5 36. Qg7+ Kf4 37. Qg3+ Ke4 38. c4 Rac8 39. Qf3+
Kd4 40. Qd5+ Ke3 41. Kc2 Re4 42. Qd3+ Kf4 1-0

[Event "SVM_Regionalliga_2023-24"]
[Site "?"]
[Date "2023.09.24"]
[Round "2.3"]
[White "Unshelm, Jan Erik"]
[Black "Pragua, Christoph"]
[Result "1-0"]
[WhiteElo "1378"]
[BlackElo "1989"]
[PlyCount "75"]
[EventDate "2023.09.24"]
[WhiteTeam "Langenfelder SF 2"]
[BlackTeam "Klub Kölner SF 3"]

1. e4 e5 2. Nf3 Nc6 3. Bb5 a6 4. Ba4 Nf6 5. d3 d6 6. O-O Be7 7. Be3 O-O 8. c3
h6 9. Nbd2 Re8 10. Re1 Bf8 11. Nf1 b5 12. Bc2 d5 13. Ng3 dxe4 14. dxe4 Qxd1 15.
Raxd1 Bg4 16. Kh1 Rad8 17. Rxd8 Rxd8 18. Nh4 Be6 19. Nhf5 Ng4 20. h3 Nxe3 21.
Nxe3 Bc5 22. Ngf1 b4 23. c4 Bd4 24. b3 Bc3 25. Rd1 Nd4 26. Ng3 Rd7 27. Bd3 c6
28. c5 a5 29. Bc4 Kf8 30. Bxe6 fxe6 31. Nc4 Ra7 32. Nxe5 a4 33. Ne2 Nxe2 34.
Rd8+ Ke7 35. Nxc6+ Kf7 36. Nxa7 axb3 37. axb3 Nc1 38. c6 1-0

[Event "SVM_Regionalliga_2023-24"]
[Site "?"]
[Date "2023.09.24"]
[Round "2.4"]
[White "Röttgen, Jürgen"]
[Black "Büttner, Ulrich"]
[Result "1/2-1/2"]
[WhiteElo "1953"]
[BlackElo "1808"]
[PlyCount "40"]
[EventDate "2023.09.24"]
[WhiteTeam "Klub Kölner SF 3"]
[BlackTeam "Langenfelder SF 2"]

1. c4 e6 2. e4 d5 3. exd5 exd5 4. d4 Nf6 5. Nf3 Bb4+ 6. Nc3 O-O 7. Be2 dxc4 8.
O-O Bg4 9. Bxc4 Nc6 10. Be3 Rb8 11. Be2 a6 12. h3 Bh5 13. Qb3 Bxc3 14. bxc3 Nd5
15. Bg5 f6 16. Bd2 Bf7 17. c4 Nb6 18. d5 (18. Be3 Qd7 19. d5 Ne7 20. Rad1 Rfe8
21. Rfe1 Ng6 22. Bd4 Nf4 23. Bf1 Na4 24. Be3 Ng6 25. Qc2 b6 26. Bd3 Nc5 27.
Bxc5 bxc5 28. Bf5 Qd6 29. Nd2 Nf8 30. Nb3 g6 31. Bd3 Kg7 32. g3 Nd7 33. Bf1 Ne5
34. Kg2 g5 35. Bd3 Bg6) 18... Ne7 19. Rad1 Re8 20. Rfe1 Ng6 1/2-1/2

[Event "SVM_Regionalliga_2023-24"]
[Site "?"]
[Date "2023.09.24"]
[Round "2.5"]
[White "Schaffeld, Martin"]
[Black "Graf, Peter"]
[Result "0-1"]
[WhiteElo "1554"]
[BlackElo "1909"]
[PlyCount "92"]
[EventDate "2023.09.24"]
[WhiteTeam "Langenfelder SF 2"]
[BlackTeam "Klub Kölner SF 3"]

1. d4 Nf6 2. Bf4 g6 3. e3 Bg7 4. Nf3 d6 5. h3 O-O 6. Bd3 Re8 7. O-O Nbd7 8. e4
c5 9. c3 c4 10. Bxc4 Nxe4 11. Qb3 Rf8 12. Nbd2 Nxd2 13. Bxd2 Nb6 14. Rfe1 Nxc4
15. Qxc4 d5 16. Qe2 e6 17. Bf4 a5 18. a4 b6 19. Qd2 Re8 20. Bh6 Bxh6 21. Qxh6
f6 22. h4 Ra7 23. Qf4 Rf7 24. Qg3 Qc7 25. Qxc7 Rxc7 26. Re3 Bd7 27. Rae1 Kf7
28. b3 h6 29. Kf1 Rb8 30. Ra1 Rbc8 31. Rc1 b5 32. axb5 Bxb5+ 33. Ke1 g5 34. g3
Ra7 35. hxg5 hxg5 36. Nd2 Rh8 37. Kd1 a4 38. bxa4 Bxa4+ 39. Ke2 Bb5+ 40. Kf3
Ra2 41. c4 dxc4 42. Nxc4 Bc6+ 43. Kg4 Bd5 44. Nd6+ Kg6 45. Rf3 f5+ 46. Nxf5
Bxf3+ 0-1

[Event "SVM_Regionalliga_2023-24"]
[Site "?"]
[Date "2023.09.24"]
[Round "2.1"]
[White "Vandenbergen, Nicolas"]
[Black "Pieper, Dawid"]
[Result "0-1"]
[WhiteElo "2107"]
[BlackElo "2169"]
[PlyCount "124"]
[EventDate "2023.09.24"]
[WhiteTeam "Turm Euskirchen 1"]
[BlackTeam "Bergische SF 1"]

1. Nc3 d5 2. e4 d4 3. Nce2 e5 4. Ng3 Be6 5. c3 a6 6. Nf3 Nc6 7. d3 f6 8. Be2
Qd7 9. O-O g6 10. cxd4 exd4 11. Nd2 h5 12. f4 h4 13. Nh1 O-O-O 14. Nf2 Nh6 15.
Nf3 Nf7 16. h3 f5 17. a3 Be7 18. b4 Kb8 {(=)} 19. Rb1 Nd6 20. Qc2 Nb5 21. Bb2
Rhg8 22. Qc1 Rdf8 23. a4 Nba7 24. Ba3 Ba2 25. b5 Bxb1 26. bxc6 Nxc6 27. Bxe7
Qxe7 28. Qxb1 fxe4 29. Nxe4 Rxf4 30. Rc1 Ka7 31. Qb3 Rd8 32. Nfg5 Rf5 33. Ne6
Rdd5 34. N6c5 Rxc5 35. Rxc5 Rxc5 36. Nxc5 Qxc5 37. Bf3 Qc1+ 38. Kh2 Qf4+ 39.
Kh1 Qc1+ 40. Kh2 Qc3 41. Qb1 Nb4 42. Be4 g5 43. Qd1 c6 44. Qg4 Qd2 45. Qd7 Qf4+
46. Kh1 Qe5 47. Qd8 Nxd3 48. Bxd3 Qe1+ 49. Kh2 Qg3+ 50. Kh1 Qxd3 51. Qxg5 Qc3
52. a5 c5 53. Qd8 Qb4 54. Kg1 d3 55. Qxd3 Qxa5 56. g4 hxg3 57. Qxg3 Qa1+ 58.
Kg2 a5 59. h4 a4 60. h5 Qb2+ 61. Kh3 a3 62. Qc7 Qc3+ 0-1

[Event "SVM_Regionalliga_2023-24"]
[Site "?"]
[Date "2023.09.24"]
[Round "2.2"]
[White "Bosbach, Stefan"]
[Black "Neubauer, Jürgen"]
[Result "1/2-1/2"]
[WhiteElo "2100"]
[BlackElo "1995"]
[PlyCount "93"]
[EventDate "2023.09.24"]
[WhiteTeam "Bergische SF 1"]
[BlackTeam "Turm Euskirchen 1"]

1. Nf3 e6 2. g3 f5 3. c4 Nf6 4. Nc3 Be7 5. Bg2 O-O 6. d3 c6 7. e4 fxe4 8. dxe4
d6 9. e5 dxe5 10. Qxd8 Rxd8 11. Nxe5 Nbd7 12. Nxd7 Bxd7 13. O-O Bb4 14. Ne4
Nxe4 15. Bxe4 Be8 16. a3 Be7 17. Be3 Bf6 18. Rab1 Bh5 19. f3 Bd4 20. Kf2 e5 21.
Rfd1 Bf7 22. b3 a5 23. a4 Rab8 24. Ke2 Be6 25. h4 Rd7 26. Bd2 Ra8 27. g4 h6 28.
h5 Bb6 29. g5 hxg5 30. Bxg5 Rxd1 31. Rxd1 Bd4 32. h6 gxh6 33. Bxh6 Kf7 {(=)}
34. Bd2 Rh8 35. Kd3 Rh2 36. Rb1 Bb6 37. Bc3 Kf6 38. b4 axb4 39. Rxb4 Bc5 40.
Rxb7 Bh3 41. Rb1 Rf2 42. Be1 Ra2 43. Bh4+ Ke6 44. Bxc6 Bf5+ 45. Be4 Bxe4+ 46.
fxe4 Ra3+ 47. Kd2 {(=)} 1/2-1/2

[Event "SVM_Regionalliga_2023-24"]
[Site "?"]
[Date "2023.09.24"]
[Round "2.3"]
[White "Viganske, Christian"]
[Black "Gelsok, Philipp"]
[Result "1/2-1/2"]
[WhiteElo "2036"]
[BlackElo "2017"]
[PlyCount "168"]
[EventDate "2023.09.24"]
[WhiteTeam "Turm Euskirchen 1"]
[BlackTeam "Bergische SF 1"]

1. e4 e5 2. Nf3 Nc6 3. d4 exd4 4. Nxd4 Nf6 5. Nxc6 bxc6 6. Bd3 d5 7. e5 Ng4 8.
O-O Bc5 9. Qe2 Qh4 10. h3 h5 11. Nd2 Qg3 12. Nf3 Rb8 13. b4 Bxf2+ 14. Rxf2
Qxf2+ 15. Qxf2 Nxf2 16. Kxf2 Rxb4 17. Be3 Ra4 18. Bc5 Ra5 19. Bb4 Ra4 20. c3 a5
21. Bc2 Rxb4 22. cxb4 axb4 23. Ba4 Bd7 24. Rc1 c5 25. Bxd7+ Kxd7 26. Rxc5 c6
27. Nd4 Ra8 28. Rxc6 Rxa2+ 29. Kg1 Rd2 30. Rd6+ Kc8 31. Rxd5 Rd3 32. Rc5+ Kd7
33. Ne2 b3 34. Rb5 Rd2 35. Kf2 b2 36. Ke3 Rc2 37. Kd3 Rc5 38. Rxb2 Rxe5 39.
Rb7+ Ke8 40. Nd4 Rg5 41. Rb2 Kd7 42. Ke4 g6 43. Nf3 Rf5 44. Rd2+ Ke8 45. Rd5
Rf6 46. Ke3 Ke7 47. Re5+ Kf8 48. Ng5 Ra6 49. Rd5 Ra2 50. Rd2 Ra5 51. Ne4 Ke7
52. Rf2 Re5 53. Kd4 Ra5 54. Nc5 Ra1 55. Re2+ Kf6 56. Nd7+ Kg7 57. Ke5 Ra6 58.
Nc5 Rc6 59. Kd5 Rf6 60. Rb2 Rf5+ 61. Kd6 Rf6+ 62. Ke7 Rf1 63. Re2 Rf5 64. Nd7
Rf1 65. Ne5 Rf6 66. Nf3 Ra6 67. Nd4 Ra7+ 68. Kd6 Ra6+ 69. Ke5 Ra5+ 70. Kf4 Ra4
71. Re4 Ra2 72. Re2 Ra4 73. Rd2 Kf6 74. h4 Ra5 75. Rb2 Ra4 76. Rb6+ Kg7 77. Rd6
Ra2 78. g4 hxg4 79. Kxg4 Ra5 80. Rd7 Kf6 81. Nf3 Ra4+ 82. Rd4 Ra7 83. Ng5 Rb7
84. Rf4+ Kg7 1/2-1/2

[Event "SVM_Regionalliga_2023-24"]
[Site "?"]
[Date "2023.09.24"]
[Round "2.4"]
[White "Harringer, Manfred"]
[Black "Hack, Thomas"]
[Result "0-1"]
[WhiteElo "1995"]
[BlackElo "1925"]
[PlyCount "112"]
[EventDate "2023.09.24"]
[WhiteTeam "Bergische SF 1"]
[BlackTeam "Turm Euskirchen 1"]

1. e4 c5 2. Nf3 a6 3. c3 d5 4. exd5 Qxd5 5. d4 Bg4 6. Be2 cxd4 7. cxd4 e6 8.
Nc3 Qa5 9. O-O Nf6 10. Qb3 Qb4 11. Qc2 Nc6 12. Be3 Be7 13. Rfd1 Rd8 14. a3 Qd6
15. Rac1 O-O 16. b4 Bf5 17. Bd3 Bxd3 18. Qxd3 b5 19. Ne4 Qd7 20. Bg5 Nd5 21.
Bxe7 Ncxe7 22. g3 h6 23. Nc5 Qa7 24. Qe4 Nf5 25. Ne5 Rd6 26. Nb3 Nf6 27. Qf4
Qb6 28. Rc5 Rfd8 29. Nf3 Nd5 30. Qe5 Nf6 31. Qe2 Qb7 32. Rdc1 Qe4 33. Qxe4 Nxe4
34. Rc7 R6d7 35. Rc8 f6 36. R8c7 Kf7 37. Rxd7+ Rxd7 38. Rc6 g5 39. g4 Rd6 40.
Rc7+ Ne7 41. Kf1 Rc6 42. Rxc6 Nxc6 43. Nc5 Nxc5 44. dxc5 e5 45. Ke2 a5 46. bxa5
Nxa5 47. Kd3 Ke6 48. Nd2 f5 49. f3 fxg4 50. fxg4 Kd5 51. Ne4 Nc4 52. Nc3+ Kxc5
53. Ke4 Nxa3 54. Kxe5 b4 55. Na4+ Kb5 56. Nb2 Nc4+ 0-1

[Event "SVM_Regionalliga_2023-24"]
[Site "?"]
[Date "2023.09.24"]
[Round "2.5"]
[White "Reckers, Sebastian"]
[Black "Heckötter, Christian"]
[Result "0-1"]
[WhiteElo "1878"]
[BlackElo "1967"]
[PlyCount "112"]
[EventDate "2023.09.24"]
[WhiteTeam "Turm Euskirchen 1"]
[BlackTeam "Bergische SF 1"]

1. e4 e6 2. d4 d5 3. e5 c5 4. c3 Qb6 5. Nf3 Nc6 6. a3 c4 7. Nbd2 Na5 8. b3 cxb3
9. Nxb3 Qxb3 10. Qd3 Bd7 11. Be2 Rc8 12. Bd2 Ne7 13. O-O Qc4 14. Qe3 Qc7 15.
Ng5 h6 16. Qh3 Ng6 17. Nxf7 Kxf7 18. Qh5 Be8 19. f4 Kg8 20. Qh3 Bf7 21. Bg4 Re8
22. f5 exf5 23. Bxf5 Ne7 24. Bd7 Bg6 25. Bxe8 Bxe8 26. Rf2 Ng6 27. Raf1 Kh7 28.
Qd3 Bxa3 29. h4 Kg8 30. h5 Nf8 31. Rxf8+ Bxf8 32. Qf3 Qf7 33. Qh3 Qxh5 34. Qc8
Qg6 35. Qd8 Nc4 36. Be1 Qe6 37. Bh4 Kh7 38. Qb8 a5 39. Qxb7 Ne3 40. Rf6 Qd7 41.
Qb1+ Kg8 42. Rf3 Nc4 43. Qe1 Qe6 44. Qg3 Kh7 45. Qe1 a4 46. Qb1+ Bg6 47. Qb7
Qg4 48. Bf6 Be4 49. Rf2 Ne3 50. e6 Qd1+ 51. Kh2 Ng4+ 52. Kg3 Nxf2 53. e7 Bxe7
54. Qxe7 Nh1+ 55. Kh2 Qh5+ 56. Kg1 Qg6 0-1

[Event "SVM_Regionalliga_2023-24"]
[Site "?"]
[Date "2023.09.24"]
[Round "2.6"]
[White "Thelen, Harm-Wulf"]
[Black "Alnafkhosh, Nashaat"]
[Result "1/2-1/2"]
[WhiteElo "1957"]
[BlackElo "1791"]
[PlyCount "102"]
[EventDate "2023.09.24"]
[WhiteTeam "Bergische SF 1"]
[BlackTeam "Turm Euskirchen 1"]

1. c4 Nf6 2. Nc3 g6 3. g3 Bg7 4. Bg2 O-O 5. d4 d6 6. Nf3 Nc6 7. d5 Na5 8. Qd3
Bf5 9. e4 Bd7 10. O-O b6 11. Nd4 Nb7 12. h3 Rc8 13. Be3 Nc5 14. Qe2 a5 15. f4
e5 16. dxe6 fxe6 17. Kh2 e5 18. fxe5 dxe5 19. Ndb5 Ne6 20. Rad1 Qe8 21. Rd2 Bc6
22. Na7 Nd4 23. Bxd4 exd4 24. Nxc6 dxc3 25. bxc3 Qxc6 26. e5 Qe8 27. exf6 Qxe2
28. Rxe2 Rxf6 29. Bd5+ {(=)} Kh8 30. Rxf6 Bxf6 31. Re3 Kg7 32. Kg2 Rf8 33. Rd3
Be5 34. Re3 Bd6 35. Rd3 Bc5 36. Bf3 Rf7 37. a4 Re7 38. Kf1 h5 39. h4 Bd6 40.
Bd5 Re5 41. Rf3 g5 42. hxg5 Rxg5 43. Kf2 h4 44. gxh4 Rh5 45. Rh3 Kh6 46. Bf7
Rf5+ 47. Rf3 Rxf3+ 48. Kxf3 Be5 49. Ke4 Bxc3 50. Kd5 Be1 51. h5 Bg3 {(=)}
1/2-1/2

[Event "SVM_Regionalliga_2023-24"]
[Site "?"]
[Date "2023.09.24"]
[Round "2.7"]
[White "Bernhardt, Thomas"]
[Black "Gutt, Oswald"]
[Result "0-1"]
[WhiteElo "1735"]
[BlackElo "1813"]
[PlyCount "54"]
[EventDate "2023.09.24"]
[WhiteTeam "Turm Euskirchen 1"]
[BlackTeam "Bergische SF 1"]

1. d4 Nf6 2. Nf3 d5 3. c4 e6 4. Nc3 c5 5. cxd5 Nxd5 6. e4 Nxc3 7. bxc3 cxd4 8.
cxd4 Bb4+ 9. Bd2 Bxd2+ 10. Qxd2 O-O 11. Bd3 Nd7 12. O-O b6 13. Rfe1 Bb7 14.
Rad1 Rc8 15. Bb1 Nf6 16. Qd3 g6 17. h4 Qc7 18. Qe3 Kg7 19. Ng5 Ng4 20. Qh3 Qf4
21. Rf1 Ba6 22. Bd3 Bxd3 23. Rxd3 Nxf2 24. Nxe6+ fxe6 25. Qxe6 Nh3+ 26. Rxh3
Qxf1+ 27. Kh2 Qf4+ 0-1